Rèn luyện một số năng lực dự đoán và giải quyết vấn đề cho học sinh thông qua dạy học đại số 10 Luận văn thạc sĩ Giáo dục học. Chuyên ngành: Lý luận và phương pháp dạy học bộ môn Toán. Mã số: 60 14 10

Kaydedildi:
Detaylı Bibliyografya
Yazar: Phạm, Minh Tuyền
Diğer Yazarlar: Lê Hiểu Dương (Hướng dẫn)
Materyal Türü: Tez Set Kitap
Baskı/Yayın Bilgisi: Vinh Đại học Vinh 2011
Konular:
Etiketler: Etiketle
Etiket eklenmemiş, İlk siz ekleyin!
Thư viện lưu trữ: Trung tâm Học liệu Lê Vũ Hùng, Trường Đại học Đồng Tháp
LEADER 01246ppm a22003018a 4500
001 00036322
005 20171026081025.0
008 170227s2011 ||||||Viesd
041 0 # |a Vie 
082 1 4 |a 510.7  |b R203L 
100 1 # |a Phạm, Minh Tuyền 
245 0 0 |a Rèn luyện một số năng lực dự đoán và giải quyết vấn đề cho học sinh thông qua dạy học đại số 10  |b Luận văn thạc sĩ Giáo dục học. Chuyên ngành: Lý luận và phương pháp dạy học bộ môn Toán. Mã số: 60 14 10  |c Phạm Minh Tuyền; Lê Hiểu Dương(hướng dẫn) 
260 # # |a Vinh  |b Đại học Vinh  |c 2011 
300 # # |a 79tr.  |c 30cm. 
500 # # |a ĐTTTS ghi: Bộ giáo dục và đào tạo. Đại học Vinh 
653 # # |a Giáo dục 
653 # # |a Học sinh 
653 # # |a Đại số 
653 # # |a Trung học phổ thông 
653 # # |a Luận văn 
700 1 # |e Hướng dẫn  |a Lê Hiểu Dương 
852 # # |j LV.0000827 
852 # # |b Kho đọc SĐH  |j LV.0000827 
910 |d 27/02/2017 
980 # # |a Trung tâm Học liệu Lê Vũ Hùng, Trường Đại học Đồng Tháp